000 00454nam a2200169Ia 4500
008 220204s9999 xx 000 0 und d
082 _a576.3:61
_bCOW.2
245 0 _aSpecial cytology: The form and functions of the cell in health and disease. V 2
250 _aEd.2
260 _aNew York
_bHafner
_c1963
650 _aCytology
650 _aHeart system
650 _aLymphocytes
650 _aThyroid
700 _aCowdry, Edmund V
942 _cBK
999 _c21423
_d21423